000 01733nam0a2200325 4500
001 RU\NLR\bibl\1751798
005 20260408202741.0
021 _aRU
_b2011-17700
_91245
035 _a(NLR Aleph) 001742648
090 _a1469087
_c1469087
100 _a20110330d2010 |||y0rusy50 ca
101 0 _arus
102 _aRU
105 _aach |||||||||
200 1 _aВоенная контрразведка КГБ СССР в Афганистане
_eвоспоминания сотрудников Особого отдела КГБ СССР по Ленинградскому военному округу, 1979-1991 гг.
_eк 30-летию ввода и 20-летию вывода советских войск из Афганистана
_f[сост.: С.В. Рац
_gредкол.: М.Я. Овсеенко и др.]
210 _aСанкт-Петербург
_c[б.и.]
_d2010
215 _a319 c., [26] л. ил., цв. ил., факс., портр.
_cпортр.
_d21
320 _aБиблиогр.: с. 314-315 (10 назв.)
601 0 1 _aСССР
_bКомитет государственной безопасности
_xСпециальные операции
_yАфганистан
_z1979 - 1989
_3RU\NLR\auth\661513470
_92558306
686 _aЦ68,6(2)-5
686 _aЦ35(0)635.4
686 _aХ621.162.01
702 1 _4220
_8rus
_7ca
_aРац
_bС. В.
_f1951-
_gСергей Васильевич
_3RU\NLR\auth\7785744
_968672
702 1 _aОвсеенко
_bМ. Я.
_4340
712 0 1 _4570
_aСССР
_bКомитет государственной безопасности
_3RU\NLR\AUTH\889942804
_9380631
801 0 _aRU
_bNLR
_c20110330
_gRCR
801 1 _aRU
_bNLR
_c20110330
942 _cBOOK
980 _aNB